Ricostruisci la Carriera del Calciatore - Franck Kessié - Statistics

Statistiche generali
  • Questo quiz è stato fatto 13 volte
  • Il punteggio medio è 5 su 7
Statistiche sulle risposte
Hint Risposta % Corretto
2023- Al-Ahli
100%
2022-2023 Barcellona
100%
2015-2016 Cesena
71%
2014-2015 Stella Adjamé
71%
2016-2017 Atalanta
57%
2017-2022 Milan
57%
2015 Atalanta
29%
Nessun quiz corrispondente trovato
Distribuzione punteggi
Percentuale di utenti per punteggio
Percentile per numero di risposta
I tuoi punteggi nel tempo
Non hai fatto questo quiz